000 00695nam a2200205Ia 4500
003 OSt
005 20250308113245.0
008 210210b2004 xxu||||| |||| 00| 0 eng d
040 _cAL
041 _aKannada
082 _aK894.109 RAHK
100 _aRAHAMAT TARIKERE. Ed.
_dರಹಮತ್ ತರೀಕೆರೆ
_9205150
245 _aKumaravyasa Bharata: Samskrthika Mukhamuki.
_bಕುಮಾರವ್ಯಾಸ ಭಾರತ : ಸಾಂಸ್ಕೃತಿಕ ಮುಖಾಮುಖಿ
260 _aHampi
_bPrasaranga Kannada Vishvavidyalaya
_c2004
300 _axx,283
650 _aKumaravyasa
_9205151
690 _aKannada Poetry Criticism
_9205152
906 _aSG04726
942 _2ddc
_cSG
999 _c115619
_d115619